Les Nines del Museu Romàntic / Assumpta Gou i Vernet, directora del Museu
ISBN:
84-505-2787-2
Descripción Física:
104 p. : il., negre i col. ; 22 cm
MARC
| LEADER | 00000nam a2200000Ia 4500 | ||
|---|---|---|---|
| 001 | 1940 | ||
| 008 | 160829s1986 xx 000 0 cat d | ||
| 020 | |a 84-505-2787-2 | ||
| 080 | |a C-1-313 | ||
| 100 | |a Gou i Vernet, Assumpta |9 30633 | ||
| 245 | |a Les Nines del Museu Romàntic / Assumpta Gou i Vernet, directora del Museu | ||
| 260 | |a Barcelona : |b Diputació de Barcelona. Servei de Cultura, |c 1986 | ||
| 300 | |a 104 p. : |b il., negre i col. ; |c 22 cm | ||
| 590 | |a Inclou la col·lecció de nines antigues 'Lola Anglada' | ||
| 610 | 2 | 0 | |a Museu Romàntic (Sitges, Catalunya) |x Catàlegs |9 54994 |
| 650 | |a Nines |x Col·leccionistes i col·leccions |9 34633 | ||
| 710 | 1 | |a Barcelona (Catalunya : Província). |b Servei de Cultura |9 54401 | |
| 901 | |a Arxiu | ||
| 942 | |n 1 | ||
| 952 | |0 0 |1 0 |4 0 |6 C1313 |7 1 |9 46594 |a Arxiu |b Arxiu |d 2016-12-01 |l 0 |o C-1-313 |p 1940 |r 2016-12-01 00:00:00 |w 2016-12-01 |y ARXIU | ||
| 999 | |c 50387 |d 50387 | ||